000 00402nam a22001217a 4500
082 _a388.3143
_bKEE
_cD
110 _aHighway Research Board.
_938228
245 _aUrban travel patterns for hospitals, universities, office buildings, and capitols
260 _aWashington.:
_bThe World Bank.
_c1969.
300 _a144 p, :
_bill, :
_c24 Cm.
526 _a0
_b0
_c0
_d388_314300000000000_KEE
942 _2ddc
_cBK
999 _c543321
_d543321